=LDR 00000nam 2200000 4500 =001 INLIS000000000002963 =005 20130612091258 =008 ***********************************Ind** =035 ##$$0010-061300000002963 =041 ##$$a Ind =082 ##$$a 635.5 =090 ##$$a 635.5, Pit k =100 ##$$a Pitoyo, Setijo =245 ##$$a Kemangi dan selasih / Setijo Pitoyo. -- =260 ##$$a 1996 $b Mungaran : Trubus Agriwidya =300 ##$$a 62 hlm. : ilus. ; 21 cm =650 ##$$a Kemangi-Budidaya =850 ##$$a NBPNMAT =990 ##$$a 0001/BPAP-NTB/20142015 =990 ##$$a 2090101409/BPAP-NTB/2015 =990 ##$$a 03160316